Dva staročeské menuety ve snadném slohu troje housle a klavír (ad libitum) /

Hlavní autor: Řáha, Josef, 1902-1972
Další autoři: Láska, Ladislav, 1889-1957
Jazyk: Nelze použít, není lingvistický obsah
Vydáno: Praha : Státní nakladatelství krásné literatury, 1953
Vydání: 1. vyd.
Fyzický popis: 5, 1, 1, 1 s.
Hudebniny Hudebniny
Uloženo v:
LEADER 00869ncm a22002292a 4500
001 001186679
003 CZ BrMZK
005 20111221132342.0
007 qu
008 111215s1953 xr |||||||||||||||||zxx d
040 |a BOA001  |b cze 
072 7 |a 787  |x Hudba pro strunné a smyčcové nástroje  |2 Konspekt  |9 9 
100 1 |a Řáha, Josef,  |d 1902-1972  |7 xx0030621  |4 cmp 
245 1 0 |a Dva staročeské menuety ve snadném slohu  |h [hudebnina] :  |b troje housle a klavír (ad libitum) /  |c Josef Řáha ; rev. Ladislav Láska 
250 |a 1. vyd. 
260 |a Praha :  |b Státní nakladatelství krásné literatury,  |c 1953 
300 |a 5, 1, 1, 1 s. 
700 1 |a Láska, Ladislav,  |d 1889-1957  |7 kup20000000055743  |4 edt 
910 |a BOA001  |b Mus4-0304.288 
990 |a MU 
991 |b 201112 
996 6 |b 2619564695  |c Mus4-0304.288  |l MZK  |r Sklad / do 1 hodiny  |n 0  |w 001220050  |u 000010  |a 1  |e BOA001  |j MZK50  |s P